000 00836cam a2200253 a 4500
001 3007945
005 20180302041116.0
008 931015s1962 nyua b 000 0 eng
010 _a 93218907
020 _a0394702867 (pbk.)
040 _aDLC
_cDLC
_dDLC
041 1 _aeng
043 _ae-fr---
080 _a306.8509
082 0 0 _a306.8509 ARI
_22
100 1 _a50
101 _aSOC
240 1 0 _aEnfant et la vie familiale sous l'Ancien Régime.
_lEnglish
245 1 0 _aCenturies of childhood :
_cPhilippe Ariès ; translated from the French by Robert Baldick.
504 _aIncludes bibliographical references (p. 419-437) and index.
906 _a7
_bcbc
_corignew
_du
_encip
_f19
_gy-gencatlg
942 _2ddc
_cBK
999 _c43955
_d43955